000 00927nas a2200277 4500
001 BR8904285
003 BR-BrBNA
005 20231205091700.0
007 ta
008 230509b bl.|||p| |||| 00| 00por d
040 _aBR-BrBNA
_bpor
_cBiblioteca Nacional de Agricultura
041 _a(Pt)
072 _aL02
100 1 _aLima, G.J.M.M.
100 1 _aLavorenti, A.
100 1 _aPacker, I.U.
100 1 _aBerto, D.A.
100 1 _aMiyada, V.S.
100 1 _aMenten, J.F.M.
245 1 _aUso da levedura seca de destilarias de alcool de cana-de-acucar na alimentacao de matrizes suinas em gestacao e em lactacao. 2: efeitos sobre o peso dos leitoes e das leitegadas
650 _aSUÍNO
650 _aPESO
773 0 _tRevista da Sociedade Brasileira de Zootecnia (Brazil)
_xISSN 0100-4859
_g(Sep-Oct 1988), v. 17(5) p. 474-485
_wBR8904285
909 _a202311
_bLúcia
_c55
_dLúcia Elande
942 _2AGRIS
_n0
_cANA
999 _c126657
_d126657